LIBRARY & INFORMATION CENTRE, KCAET, TAVANUR

ONLINE PUBLIC ACCESS CATALOGUE (OPAC)

Maarivillu / (Record no. 5932)

MARC details
000 -LEADER
fixed length control field 00417cam a2200169ua 4500
041 ## - LANGUAGE CODE
Language code of text/sound track or separate title mal
082 ## - DEWEY DECIMAL CLASSIFICATION NUMBER
Classification number 894.8124
Item number PUR/MA
100 ## - MAIN ENTRY--AUTHOR NAME
Personal name Purushothaman Pillai, P G .
245 ## - TITLE STATEMENT
Title Maarivillu /
260 ## - PUBLICATION, DISTRIBUTION, ETC. (IMPRINT)
Place of publication Thrissur :
Name of publisher Current Books ,
Year of publication 1958.
300 ## - PHYSICAL DESCRIPTION
Number of Pages 183 ; .
942 ## - ADDED ENTRY ELEMENTS (KOHA)
Koha item type Books
Holdings
Withdrawn status Lost status Damaged status Home library Current library Date acquired Full call number Accession Number Koha item type
Withdrawn     KAUAET KAUAET 16/01/2021 894.8124 PUR/MA 1578 Books
Withdrawn     KAUAET Malayalam University 07/04/2012 894.8124 1045 Books
free website counter